निमाइ भगवान भाग ३ रा (Record no. 954081)

MARC details
000 -LEADER
fixed length control field 00361nam a2200133Ia 4500
008 - FIXED-LENGTH DATA ELEMENTS--GENERAL INFORMATION
fixed length control field 151001s9999||||xx |||||||||||||| ||und||
100 ## - MAIN ENTRY--PERSONAL NAME
Personal name बा ब देवधर
245 ## - TITLE STATEMENT
Title निमाइ भगवान भाग ३ रा
250 ## - EDITION STATEMENT
Edition statement 1
260 ## - PUBLICATION, DISTRIBUTION, ETC. (IMPRINT)
Name of publisher, distributor, etc बापू बळवंत देवधर
260 ## - PUBLICATION, DISTRIBUTION, ETC. (IMPRINT)
Date of publication, distribution, etc 1914
300 ## - PHYSICAL DESCRIPTION
Extent 72
365 ## - TRADE PRICE
Price amount 7.5

No items available.